| 000 | 00697nam a2200241Ia 4500 | ||
|---|---|---|---|
| 001 | dia_2490 | ||
| 003 | CHAP | ||
| 005 | 20251027145859.0 | ||
| 008 | 220117s2000 xx 000 0 und d | ||
| 010 | _a173013 | ||
| 040 | _cCHAP | ||
| 082 | _a658 G4Y | ||
| 100 |
_aGhemawat, Pankaj _9152992 |
||
| 245 |
_aLa Estrategia en el Panorama del Negocio, Texto y Casos / _c por Pankaj Ghemawat y otros |
||
| 260 |
_aMéxico : _b Pearson, _c2000 |
||
| 300 | _a400 p. | ||
| 503 | _aTrad. de: Strategy and the Business Landscape | ||
| 650 |
_a1.Negocios _9152596 |
||
| 901 | _a658 G4Y | ||
| 902 | _aM | ||
| 905 | _a0000002000 MEXX 0000000000ESP00 | ||
| 942 |
_cLIBRO _2ddc |
||
| 999 |
_c173013 _d173013 |
||